000
00213 a2200097 4500
001
2962
100
_a
S.A.Quddus
245
_a
Punjab; the land of beauty & men
260
_a
_b
Royal books
_c
090
_c
2253
_d
2253
942
_a
NUST-CAE
_c
M
_c
13925
999
_c
238035
_d
238035